Guess the 1970s song lyrics #304 - Statistics

General Stats
  • This quiz has been taken 14 times
  • The average score is 293 of 387
Answer Stats
Answer % Correct
a
100%
And
100%
and
100%
Do
100%
do
100%
I
100%
is
100%
love
100%
me
100%
the
100%
There
100%
to
100%
You
100%
you
100%
can
92%
in
92%
know
92%
no
92%
this
92%
can't
83%
it
83%
my
83%
nothing
83%
see
83%
that
83%
When
83%
when
83%
your
83%
you're
83%
all
75%
All
75%
Give
75%
How
75%
mine
75%
more
75%
of
75%
up
75%
us
75%
am
67%
are
67%
at
67%
down
67%
got
67%
just
67%
Make
67%
make
67%
need
67%
night
67%
one
67%
right
67%
taking
67%
through
67%
was
67%
ain't
58%
arms
58%
baby
58%
between
58%
come
58%
dancing
58%
eyes
58%
leave
58%
only
58%
Only
58%
Shadow
58%
there's
58%
away
50%
doing
50%
even
50%
lies
50%
loving
50%
moment
50%
people
50%
rain
50%
telling
50%
way
50%
world
50%
across
42%
chasing
42%
drag
42%
end
42%
floor
42%
head
42%
hold
42%
light
42%
living
42%
looking
42%
lose
42%
said
42%
sensation
42%
sweet
42%
words
42%
affection
33%
answer
33%
direction
33%
harm
33%
heaven
33%
question
33%
shine
33%
uh-huh
33%
between
25%
breathe
25%
pulls
25%
No matching quizzes found
Score Distribution
Percent of People with Each Score
Percentile by Number Answered
Your Score History
You have not taken this quiz